Fr. Conceicao Rodrigues College of Engineering

The Auto Cad 3D Book (Record no. 31331)

MARC details
000 -LEADER
fixed length control field 00303nam a2200145Ia 4500
082 ## - DEWEY DECIMAL CLASSIFICATION NUMBER
Classification number 6.6
Item number HEA
100 ## - MAIN ENTRY--PERSONAL NAME
Personal name Head/ G.O. & others
245 ## - TITLE STATEMENT
Title The Auto Cad 3D Book
260 ## - PUBLICATION, DISTRIBUTION, ETC.
Name of publisher, distributor, etc. Galgotia
Place of publication, distribution, etc. New Delhi
Date of publication, distribution, etc. 1996
300 ## - PHYSICAL DESCRIPTION
Extent 319
546 ## - LANGUAGE NOTE
Language note ENGLISH
654 ## - SUBJECT ADDED ENTRY--FACETED TOPICAL TERMS
Focus term Computer
942 ## - ADDED ENTRY ELEMENTS (KOHA)
Koha item type BOOK
Holdings
Withdrawn status Lost status Damaged status Not for loan Collection Home library Current library Shelving location Date acquired Source of acquisition Cost, normal purchase price Total Checkouts Full call number Barcode Date last seen Cost, replacement price Price effective from Koha item type
        CRC Fr. Agnel's C.Rodrigues College of Engineering Fr. Agnel's C.Rodrigues College of Engineering   17/03/2023 global books 145.00   6.6 HEA 8054 17/03/2023 145.00 17/03/2023 BOOK